| 000 | 00526nam a2200157 i 4500 | ||
|---|---|---|---|
| 001 | 20516 | ||
| 003 | ES-MaACL | ||
| 005 | 20230906152322.0 | ||
| 007 | t| | ||
| 008 | 021113s1968 sp ||||1| spa d | ||
| 110 | 2 |
_aAcción Católica Española. _91243 |
|
| 245 | 1 | 3 |
_aLa Acción Católica Española según los nuevos estatutos / _ctexto íntegro de los estatutos de la Acción Católica Española. |
| 260 |
_a[Oviedo] : _b[s.n., _c1968] ( _fGráf. Summa) |
||
| 300 |
_a78 p. ; _c24 cm. |
||
| 852 |
_aES-MaACL _jC-46703 _bR.66430 |
||
| 999 |
_c20516 _d20516 |
||